000 00316nam a2200121Ia 4500
008 240731s9999 xx 000 0 und d
022 _a2372-9341
245 0 _aInternational Journal of Cartography
260 _bTaylor & Francis
856 _uhttps://www.tandfonline.com/loi/tica20
942 _2ddc
942 _cTFEJ
999 _c77059
_d77059
945 _a1
_bMadushi Gamage
_c1
_dMadushi Gamage